ESOP v ČSFR.

Zákony upravujúce vznik a činnosť podnikov typu ESOP v krajinách západného sveta. Podmienky pre vznik takýchto podnikov v ČSFR. Individuálne privatizačné projekty. Úloha komerčných bánk v etape privatizácie. Úloha samotného podniku a jeho predpoklady k vzniku ESOPu. Projekty vlastníckej participácie...

Descripción completa

Guardado en:
Detalles Bibliográficos
Autor principal: Mertlík, Pavel
Formato: Capítulo de libro
Lenguaje:checo
Materias:
Etiquetas: Agregar Etiqueta
Sin Etiquetas, Sea el primero en etiquetar este registro!

MARC

LEADER 00000naa a2200000 4500
001 r003321
005 20221125080817.0
041 0 |a cze 
044 |a [CS] 
245 1 0 |a ESOP v ČSFR.  |c P. Mertlík 
520 |a Zákony upravujúce vznik a činnosť podnikov typu ESOP v krajinách západného sveta. Podmienky pre vznik takýchto podnikov v ČSFR. Individuálne privatizačné projekty. Úloha komerčných bánk v etape privatizácie. Úloha samotného podniku a jeho predpoklady k vzniku ESOPu. Projekty vlastníckej participácie. 
610 2 0 |a ESOP 
610 2 0 |a ČSFR 
610 2 0 |a privatizácia 
610 2 0 |a vlastníctvo 
610 2 0 |a zamestnanci 
610 2 0 |a banky obchodné 
610 2 0 |a účasť na zisku 
610 2 0 |a podnik súkromný 
100 1 |a Mertlík, Pavel